01014nam a2200277 i 4500001001000000003000900010005001700019007000300036008004100039040003000080041000800110082002000118100005900138245008600197264005300283300002800336336002800364337003500392338002900427490005600456500003500512504005200547650002400599650006500623650004800688000008903DO-SdBNP20250307073708.0ta090921s1936 ag r 001 e spa d aDO-SdBNPbspacBNPHUerda hspa 4aRD864.42bH519c1 aHenríquez Ureña, Pedro,d1884-1946 eautor4aut.13aLa cultura y las letras coloniales en Santo Domingo /cPedro Henríquez Ureña. 1aBuenos Aires :bInstituto de Filología,c1936. a191 páginas ;c23 cm. atexto btxt2rdacontent asin mediación bn2rdamedia  avolumen bnc2rdacarrier0 aBiblioteca de Dialectología Hispanoamericana ;v2 aIncluye índice onomástico. aBibliografía y notas al final de capítulos. 0aEnsayos dominicanos 4aCulturazRepública DominicanavEnsayos, conferencias, etc. 4aLiteratura dominicanaxHistoria y crítica